000 00226 a2200097 4500
001 21272
100 _aSavant, C J
245 _aFundamentals of the laplace transformation
260 _a
_bMcGraw-Hill
_c
090 _c15069
_d15069
942 _aNUST-CAE
_cM
_c5635
999 _c256345
_d256345